| 000 | 01162nam a22002777a 4500 | ||
|---|---|---|---|
| 003 | dpl | ||
| 005 | 20180711140406.0 | ||
| 008 | 180711b xxu||||| |||| 00| 0 eng d | ||
| 010 | _aB-117116 | ||
| 020 |
_c295.00 _a8171198759 |
||
| 035 | _aB-117116, B-117117 | ||
| 037 |
_bCen Lib/Ret _a8190379607 |
||
| 040 |
_aDPL _bHN _c0 |
||
| 082 |
_aउ _bचौधरी |
||
| 100 |
_aचौधरी, रघुवीर _960330 |
||
| 245 |
_aसोमतीर्थ : _cरघुवीर चौधरी _bसोमनाथ मंदिर पर केन्द्रित उपन्यास / |
||
| 246 |
_aSomteertha : somnath mandir par kendrit upnyas / _bby Raghuveer Chaudhary |
||
| 260 |
_aदिल्ली _bराधाकृष्ण _c2004 |
||
| 270 |
_aजी-17, जगत पूरी _bदिल्ली _e110051 |
||
| 300 |
_a255पृ. _c19सेमी(सजिल्द ) |
||
| 650 |
_aहिंदी साहित्य _x _z _960331 |
||
| 650 |
_aहिंदी उपन्यास _960332 |
||
| 650 |
_aHindi literature _v _960333 |
||
| 650 |
_aHindi fiction _927248 |
||
| 942 |
_2ddc _cHN _hउ _m चौधरी |
||
| 999 |
_c115193 _d115193 |
||